000 01084cam a22003375i 4500
999 _c1906
_d1906
001 19655854
003 OSt
005 20230215102911.0
008 170522s2018 mnua j 001 0 eng
010 _a 2017943132
020 _a9781532104190
040 _aDLC
_beng
_erda
_cDLC
_dKH8
042 _apcc
043 _af------
082 0 0 _a599.74 HAN
_223
100 1 _aHansen, Grace,
_eauthor.
245 1 0 _aHyena /
_cGrace Hansen.
264 1 _aMinneapolis, Minnesota :
_bAbdo Kids,
_c[2018]
300 _a24 pages :
_bcolor illustrations ;
_c24 x 29 cm.
336 _atext
_btxt
_2rdacontent
337 _aunmediated
_bn
_2rdamedia
338 _avolume
_bnc
_2rdacarrier
490 0 _aAfrican animals
500 _aIncludes index.
505 0 _aHyena habitat -- Body -- Food & hunting -- Baby hyenas.
650 0 _aHyenas
_vJuvenile literature.
650 0 _aZoology
_zAfrica
_vJuvenile literature.
906 _a7
_bcbc
_corignew
_d2
_eepcn
_f20
_gy-gencatlg
942 _2ddc
_cNFIC